000 00529nam a22001697a 4500
005 20241215135719.0
008 241215b |||||||| |||| 00| 0 eng d
020 _a9780471718710
050 _aQP34.5 TOR
100 _aTortora, Gerard J.
245 _aPrinciples of Anatomy and Physiology/
_cGerard J. Tortora & Bryan Derrickson
250 _a11th ed.
260 _aHoboken, NJ
_bJohn Wiley & Sons
_c2006
300 _axxxii various paging
_bill. some color
_c28cm
700 _aDerrickson, Bryan
942 _2lcc
_cBK
_e11th ed.
_n0
999 _c2270
_d2270